000
00332 a2200109 4500
001
ART_42685
005
20260410162006.0
008
260409a
245
1
0
_a
Acerca del abordaje de los conflictos sanitarios
100
1
_a
Díaz, Ana I.
773
0
_t
Temas de derecho civil
_g
- Año 3, Nº 7 (jul. 2017)
_w
REV34778
999
_c
31694
_d
31694